zpět

Detail výsledku týmu

Kozlovna S-klub, Olomouc

Datum a čas kvízu

30.5 Celkem bodů Celkový počet nahraných bodů na tomto kvízu bez doplňovacích otázek.
6. Pořadí na kvízu Konečné umístění týmu na tomto kvízu.

Zaznamenané odpovědi

# Otázka Odpověď Body Výsledky
1. Při rutinní kontrole parkovací... drogy 0
2. Britský vědec Michael Yeadon o... Pouze pro osoby neočkované proti koronaviru. 1
3. Jako vlajkovou loď svého progr... Pan profesor 0
4. Jedna úspěšná česká softwarová... Avast 1
5. Jak se jmenuje česká tenistka,... Markéta Vondroušová 1
6. V následujících otázkách se po... lilek 0
7. Jak se jmenuje italský dezert... affogato 0
8. Tradiční pesto vyrobené z baza... Janov/Genova 1
9. Na severu Itálie se v kuchyni... polenta 1
10. Napište název tradičních mandl... cantuccini/cantuccio 0